Catalog

Record Details

Catalog Search



Cam Jansen and the birthday mystery #20/ David ... Read More

Adler, David A.(Author).
Natti, Susanna.(Added Author).

Available copies

  • 1 of 2 copies available at LARL/NWRL Consortium.

Current holds

0 current holds with 2 total copies.

Show Only Available Copies
Location Call Number / Copy Notes Barcode Shelving Location Status Due Date
Greenbush Public Library j ADL (Text) 35500002942934 Main Available -
Thief River Falls Public Library j ADL (Text) 35500002961785 Main Checked out 06/30/2026

Record details

  • ISBN: 067088877X
  • Physical Description: 58 p. : ill. ; 22 cm.
  • Publisher: New York : Viking, 2000.

Content descriptions

Summary, etc.:
When Cam's grandparents are robbed on their way to ... Read More
Subject: Birthdays > Juvenile fiction.
Grandparents > Juvenile fiction.
Detective and mystery stories > Juvenile fiction.
LDR 01282cam a2200325Ia 4500
00132539
003LARL_NWRL_CONSORTIUM
00520001121152556.0
008991216s2000 nyu b 000 1 eng
020 . ‡a067088877X
035 . ‡a(OCoLC)43095737
03500. ‡ilcmarc/AYI-4751/NWRLTECH
08200. ‡a[Fic] ‡221
092 . ‡aj ADL
099 . ‡aAdl
1001 . ‡aAdler, David A. ‡0(LARL_NWRL_CONSORTIUM)59828
24510. ‡aCam Jansen and the birthday mystery ‡n#20/ ‡cDavid Adler ; illustrated by Susanna Natti.
260 . ‡aNew York : ‡bViking, ‡c2000.
300 . ‡a58 p. : ‡bill. ; ‡c22 cm.
4900 . ‡aCam Jansen adventure ; ‡v20
520 . ‡aWhen Cam's grandparents are robbed on their way to her parents' surprise birthday party, Cam uses her photographic memory to solve the mystery.
650 0. ‡aBirthdays ‡vJuvenile fiction. ‡0(LARL_NWRL_CONSORTIUM)168960
650 0. ‡aGrandparents ‡vJuvenile fiction.
650 0. ‡aDetective and mystery stories ‡vJuvenile fiction. ‡0(LARL_NWRL_CONSORTIUM)172023
7001 . ‡aNatti, Susanna. ‡0(LARL_NWRL_CONSORTIUM)52482
901 . ‡a32539 ‡bOCLC ‡c32539 ‡tbiblio

Additional Resources